000 01259cam a22003617a 4500
003 CHAP
005 20220329142241.0
008 000328d1998 mx r 00110 spa d
010 _a80575
011 _a81547
035 _a92019
040 _cCHAP
090 _aFolleto 15945
100 0 0 _aBueno Jáquez, José Emilio.
_915963
245 1 0 _aCálculo del aporte nutrimental del estiércol
_c/por J. Emilio Bueno Jáquez, José Martínez Serna y Clemente Antonio Otero
260 _aIguala, Gro. :
_bColegio Superior Agropecuario del Estado de Guerrero,
_c1998.
300 _a17 h.
590 _aBATCH-UPD
_b10
_c20130110
_lUCH01
_h0627
590 _aBATCH-UPD
_b10
_c20130110
_lUCH01
_h2308
590 _aBATCH-UPD
_b10
_c20130410
_lUCH01
_h0310
590 _aBATCH-UPD
_b10
_c20130913
_lUCH01
_h1828
590 _aCONVERSION
_b10
_c20130109
_lUCH01
_h1345
650 1 4 _aAbonos.
_9235
650 1 4 _aEstiércol.
_938313
650 1 4 _aHumus.
_956902
700 0 _aAntonio Otero, Clemente.
_96102
700 0 _aMartínez Serna, José.
_972524
901 _aBK
905 _aMayto Villalobos S.
942 _cFOLL
949 _aFolleto 15945
_bBC
_cFOLL
_d33724000927778
_eTS2
_fc.2
_gDonaciØn
_i92019
_sb
949 _aFolleto 15945
_bBC
_cFOLL
_d920191
_eTS1
_i92019
_sb
999 _c80575
_d80575